Nommez les jours de la semaine en 4 langues - Quiz Leçon de Langue 1 - Statistiques

Statistiques générales
  • Ce quiz a été pris 106 fois
  • Le résultat moyen est 16 sur 28
Statistiques - réponses
Hint Réponse % Correct
Jeudi
99%
Lundi
99%
Mardi
99%
Mercredi
99%
Samedi
99%
Vendredi
99%
F Dimanche
98%
Monday
96%
Friday
94%
Saturday
94%
GB Sunday
92%
Tuesday
92%
Thursday
88%
Wednesday
85%
Montag
45%
Dienstag
30%
Freitag
30%
Mittwoch
27%
D Sonntag
27%
Donnerstag
26%
Samstag
26%
Dinsdag
7%
Donderdag
7%
Maandag
7%
Vrijdag
7%
Woensdag
6%
Zaterdag
6%
NL Zondag
6%
Aucun quiz correspondant
Distribution des résultats
% des personnes avec chaque résultat
Percentile par nombre de réponses
Votre historique - résultats
Vous n’avez pas pris ce quiz